000
00185nam a22000857a 4500
082
_a
823
100
_a
VED PRAKASH
245
_a
CHARACTER BUILDING STORIES FOR CHILDREN FRIENDLY
942
_c
BK
999
_c
8254
_d
8254